00593nam a22001817a 450000500170000001000150001702000270003202000240005903500130008303700130009608200080010924501030011726000430022027000460026330000390030949000460034870000170039420140311144954.0 aENG-109528 c1295.00a9781259064388 c1295.00a1259064387 aEN-93061 bDBAD/PUB a00000aGeneral studies paper II :cby Arun Sharma...[et al]bfor Civil services preliminary examination / aNew DelhibMcGraw Hill Educationc2014 aP-24, Green Park Extn.bNew Delhie110016 avarious pagings :c30cm(pbk)bill. aMcGraw Hill education winning edge series aSharma, Arun